[Event "ISR-ch"]
[Site "Tel Aviv"]
[Date "2002.12.03"]
[Round "9"]
[White "Khmelniker, Ilya"]
[Black "Rot, Yefim"]
[Result "1-0"]
[WhiteElo "2225"]
[BlackElo "2125"]
[PlyCount "79"]
[EventDate "2002.11.24"]
[EventType "swiss"]
[EventRounds "9"]
[EventCountry "ISR"]
[SourceTitle "CBM 093"]
[Source "ChessBase"]
[SourceDate "2003.04.01"]
[SourceVersion "1"]
[SourceVersionDate "2003.04.01"]
[SourceQuality "1"]

1. d4 Nf6 2. c4 g6 3. Nc3 d5 4. Bf4 Bg7 5. e3 0-0 6. cxd5 Nxd5 7. Nxd5 Qxd5 8. Bxc7 Na6 9. Bxa6 Qxg2 10. Qf3 Qxf3 11. Nxf3 bxa6 12. Rg1 Bb7 13. Ke2 Rac8 14. Rac1 Rfe8 15. Rc5 Bf8 16. Rc3 e6 17. a3 f6 18. Rgc1 Bg7 19. Bg3 Rxc3 20. Rxc3 Re7 21. Rc7 Kf7 22. Rxe7+ Kxe7 23. Bb8 Kd7 24. Bxa7 Bf8 25. Bc5 Bxc5 26. dxc5 Kc6 27. Nd4+ Kd5 28. b4 Bc8 29. Kd3 f5 30. f3 g5 31. e4+ Ke5 32. Nc6+ Kf4 33. Ne7 Kxf3 34. exf5 e5 35. Nxc8 e4+ 36. Kd2 Kf2 37. Nd6 e3+ 38. Kd3 e2 39. Ne4+ Kf3 40. Kd2 1-0

[Event "ISR-ch"]
[Site "Tel Aviv"]
[Date "2002.12.02"]
[Round "8"]
[White "Rot, Yefim"]
[Black "Bitensky, Igor"]
[Result "0-1"]
[WhiteElo "2125"]
[BlackElo "2370"]
[PlyCount "58"]
[EventDate "2002.11.24"]
[EventType "swiss"]
[EventRounds "9"]
[EventCountry "ISR"]
[SourceTitle "CBM 093"]
[Source "ChessBase"]
[SourceDate "2003.04.01"]
[SourceVersion "1"]
[SourceVersionDate "2003.04.01"]
[SourceQuality "1"]

1. e4 g6 2. d4 Bg7 3. Nc3 c6 4. f4 d5 5. e5 Nh6 6. Be2 f6 7. Nf3 Bg4 8. 0-0 0-0 9. Be3 Nd7 10. Qd2 Nf5 11. Bf2 fxe5 12. fxe5 Bh6 13. Qd3 e6 14. Nd1 c5 15. c3 Qb6 16. Qb5 Bxf3 17. Qxb6 Nxb6 18. Bxf3 cxd4 19. cxd4 Nc4 20. Bg4 Rac8 21. Re1 Rc7 22. Bh3 Rcf7 23. b3 Nd2 24. Be3 Nxe3 25. Bxe6 Nc2 26. Nf2 Nxa1 27. Ng4 Kg7 28. Bxf7 Nc2 29. Nxh6 Nxe1 0-1

[Event "ISR-ch"]
[Site "Tel Aviv"]
[Date "2002.11.28"]
[Round "4"]
[White "Shachar, Ehud"]
[Black "Rot, Yefim"]
[Result "1-0"]
[WhiteElo "2374"]
[BlackElo "2125"]
[PlyCount "69"]
[EventDate "2002.11.24"]
[EventType "swiss"]
[EventRounds "9"]
[EventCountry "ISR"]
[SourceTitle "CBM 093"]
[Source "ChessBase"]
[SourceDate "2003.04.01"]
[SourceVersion "1"]
[SourceVersionDate "2003.04.01"]
[SourceQuality "1"]

1. e4 c5 2. Nf3 d6 3. c3 Nf6 4. Bd3 Bg4 5. h3 Bxf3 6. Qxf3 Nc6 7. 0-0 e6 8. Bb5 Qb6 9. Na3 Be7 10. d3 0-0-0 11. Be3 Rhg8 12. d4 cxd4 13. cxd4 Nxd4 14. Qd1 e5 15. Bc4 Qxb2 16. Bxf7 Qxa3 17. Bxg8 Nxg8 18. Bxd4 exd4 19. Qg4+ Kb8 20. Qxg7 h6 21. Rab1 Qc5 22. Qf7 Qc6 23. Rfc1 Qd7 24. Qd5 Bf6 25. a4 Ne7 26. Qf7 Ng8 27. Qb3 d5 28. Rc5 Ne7 29. Rb5 Kc8 30. Rxb7 Qc6 31. Rxa7 Be5 32. Rxe7 Bh2+ 33. Kxh2 Qd6+ 34. Qg3 Qxe7 35. Rb8+ 1-0